000 00373 a2200109 4500
001 ART_49773
005 20260410161936.0
008 260409a
245 1 0 _aFundamentos éticos del progreso social
100 1 _aBenegas Lynch, Alberto
773 0 _tAnales de la Academia Nacional de Ciencias Económicas
_g- Vol. XXVI, (1981) (ene./dic. 1981)
_wREV25596
999 _c29081
_d29081